000
00304 a2200157 4500
001
179812
020
_a
040
_c
Magnum
100
_a
Setubal, Paulo
240
1
0
_a
El-dorado
_l
por
245
1
0
_a
El-dorado
362
0
_a
1899
440
1
_a
Saraiva
697
_a
MAGNITO: A/CRONICA
942
_c
BK
999
_c
179812
_d
179812